000 01252nam a2200361 a 4500
001 ebr10455592
003 CaPaEBR
006 m u
007 cr cn|||||||||
008 040810s2003 enk sb 001 0 eng d
010 _z 2005412683
020 _z1902683811
020 _z190268382X (pbk.)
020 _z9781902683829
020 _z9781844653508 (e-book)
040 _aCaPaEBR
_cCaPaEBR
035 _a(OCoLC)715185254
050 1 4 _aBC199.P2
_bO45 2003eb
082 0 4 _a165
_221
100 1 _aOlin, Doris,
_d1943-
245 1 0 _aParadox
_h[electronic resource] /
_cDoris Olin.
260 _aChesham [England] :
_bAcumen,
_c2003.
300 _ax, 222 p.
490 1 _aCentral problems of philosophy
504 _aIncludes bibliographical references and index.
533 _aElectronic reproduction.
_bPalo Alto, Calif. :
_cebrary,
_d2013.
_nAvailable via World Wide Web.
_nAccess may be limited to ebrary affiliated libraries.
650 0 _aParadox.
650 0 _aLogic.
655 7 _aElectronic books.
_2local
710 2 _aebrary, Inc.
830 0 _aCentral problems of philosophy.
856 4 0 _uhttp://site.ebrary.com/lib/rucke/Doc?id=10455592
_zAn electronic book accessible through the World Wide Web; click to view
999 _c123148
_d123148